| 000 | 00431nam a2200157 4500 | ||
|---|---|---|---|
| 001 | 108324 | ||
| 003 | ES-MaACL | ||
| 005 | 20230906184625.0 | ||
| 007 | t| | ||
| 008 | 061121s1924 sp r ||||1| spa d | ||
| 100 | 1 |
_aMon Pascual, Juan. _982095 |
|
| 245 | 1 | 4 |
_aLos conceptos de tercero en el derecho hipotecario / _cJuan Mon Pascual. |
| 260 |
_aBarcelona : _bCasanovas, _c1924. |
||
| 300 | _a21 p. | ||
| 852 |
_aES-MaACL _j1668-F-1 |
||
| 999 |
_c108324 _d108324 |
||